[Event "43. Olimpiada Batumi 2018 Femenina"]
[Site "Batumi GEO"]
[Date "2018.09.25"]
[Round "2.1"]
[White "Liu, Yang Hazel"]
[Black "Vilhete, Vania Fausto Da T"]
[Result "1-0"]
[WhiteElo "2064"]
[BlackElo "1752"]
[PlyCount "131"]
[EventDate "2018.09.24"]
[EventType "team-swiss"]
[EventRounds "11"]
[EventCountry "GEO"]
[SourceTitle "Ajedrez en Madrid"]
[Source "lmi"]
[SourceDate "2018.09.24"]
[WhiteTeam "Singapore"]
[BlackTeam "Mozambique"]
[WhiteTeamCountry "SIN"]
[BlackTeamCountry "MOZ"]

1. d4 d5 2. Bf4 e6 3. e3 Nf6 4. c3 c5 5. Nd2 Nc6 6. Ngf3 Be7 7. Bd3 Nd7 8. h4
cxd4 9. exd4 Bf6 10. Qe2 Nb6 11. Ne5 Bd7 12. Ndf3 h6 13. g4 Nxe5 14. dxe5 Be7
15. O-O-O Qc7 16. g5 h5 17. Bg3 g6 18. Nd4 O-O-O 19. Kd2 Kb8 20. Rb1 Nc4+ 21.
Ke1 Rc8 22. Kf1 Rhd8 23. Kg2 Bc5 24. Nb3 Bb6 25. Rhc1 Bc6 26. Kh2 Na5 27. Nd2
Be8 28. Nf3 Qe7 29. Bf4 Nc6 30. b4 Qf8 31. a4 Ne7 32. b5 Ka8 33. Nd4 Bxd4 34.
cxd4 Nf5 35. Bxf5 gxf5 36. Qxh5 Qe7 37. Qd1 Bd7 38. Rxc8+ Bxc8 39. Rc1 Rh8 40.
h5 Qa3 41. h6 Kb8 42. Kg2 Bd7 43. Rc5 Qb4 44. Be3 Qa5 45. Bd2 Qd8 46. f4 Qg8
47. Kh3 Qg6 48. Bb4 a6 49. Kh4 Ka7 50. Rc7 Be8 51. Bc5+ Kb8 52. Bd6 Ka7 53. b6+
Kxb6 54. Qb3+ Bb5 55. axb5 Rxh6+ 56. Kg3 Rh3+ 57. Kxh3 Qh5+ 58. Kg3 Qg4+ 59.
Kf2 Qxf4+ 60. Ke2 Qe4+ 61. Kd2 Qg2+ 62. Kd1 Qf1+ 63. Kc2 Qe2+ 64. Kb1 a5 65.
Qc2 Qe1+ 66. Kb2 1-0

[Event "43. Olimpiada Batumi 2018 Femenina"]
[Site "Batumi GEO"]
[Date "2018.09.25"]
[Round "2.2"]
[White "Efentakis, Katina"]
[Black "Hng, Mei-En Emmanuelle"]
[Result "0-1"]
[WhiteElo "1451"]
[BlackElo "2020"]
[PlyCount "62"]
[EventDate "2018.09.24"]
[EventType "team-swiss"]
[EventRounds "11"]
[EventCountry "GEO"]
[SourceTitle "Ajedrez en Madrid"]
[Source "lmi"]
[SourceDate "2018.09.24"]
[WhiteTeam "Mozambique"]
[BlackTeam "Singapore"]
[WhiteTeamCountry "MOZ"]
[BlackTeamCountry "SIN"]

1. e4 c5 2. Nf3 e6 3. c4 Nc6 4. Nc3 Nf6 5. Be2 Be7 6. Rg1 d5 7. d3 O-O 8. Bf4
Nh5 9. Bd2 d4 10. Nb5 a6 11. Na3 Nf6 12. Bf4 b5 13. g3 Nd7 14. Kf1 e5 15. Bd2
Rb8 16. b3 f5 17. exf5 Rxf5 18. Kg2 Rf8 19. Re1 Nf6 20. Ng5 h6 21. Bf3 Nb4 22.
Ne4 Nxd3 23. Nxf6+ Rxf6 24. Bd5+ Kh8 25. Rf1 bxc4 26. Bxc4 Bb7+ 27. f3 Nb2 28.
Qe2 d3 29. Qxe5 Nxc4 30. Nxc4 Rxf3 31. Rxf3 Bf6 0-1

[Event "43. Olimpiada Batumi 2018 Femenina"]
[Site "Batumi GEO"]
[Date "2018.09.25"]
[Round "2.3"]
[White "Siew, Kai Xin"]
[Black "Jefo, Suzete Vicente"]
[Result "1-0"]
[WhiteElo "1751"]
[BlackElo "1379"]
[PlyCount "69"]
[EventDate "2018.09.24"]
[EventType "team-swiss"]
[EventRounds "11"]
[EventCountry "GEO"]
[SourceTitle "Ajedrez en Madrid"]
[Source "lmi"]
[SourceDate "2018.09.24"]
[WhiteTeam "Singapore"]
[BlackTeam "Mozambique"]
[WhiteTeamCountry "SIN"]
[BlackTeamCountry "MOZ"]

1. d4 d5 2. c4 dxc4 3. Nf3 Nf6 4. e3 e6 5. Bxc4 Be7 6. O-O O-O 7. Nc3 Nc6 8.
Qe2 a6 9. a4 Nb4 10. Rd1 b6 11. b3 Bb7 12. Bb2 Qb8 13. e4 c5 14. d5 e5 15. Rd2
Bd6 16. Nd1 Nh5 17. Ne3 Nf4 18. Qf1 Bc8 19. Ra3 f5 20. exf5 Bxf5 21. Bxe5 Kh8
22. Bxd6 Qxd6 23. Ra1 Be4 24. Ng5 Bxd5 25. Nxd5 Nfxd5 26. Bxd5 Nxd5 27. Qd3 g6
28. Qxd5 Qf6 29. Rad1 Rad8 30. Nf7+ Rxf7 31. Qxd8+ Qxd8 32. Rxd8+ Kg7 33. R1d7
Kf6 34. Rxf7+ Kxf7 35. Rb8 1-0

[Event "43. Olimpiada Batumi 2018 Femenina"]
[Site "Batumi GEO"]
[Date "2018.09.25"]
[Round "2.4"]
[White "Sitoe, Sheila"]
[Black "Hng, Mei-Xian Eunice"]
[Result "0-1"]
[WhiteElo "1425"]
[BlackElo "1687"]
[PlyCount "72"]
[EventDate "2018.09.24"]
[EventType "team-swiss"]
[EventRounds "11"]
[EventCountry "GEO"]
[SourceTitle "Ajedrez en Madrid"]
[Source "lmi"]
[SourceDate "2018.09.24"]
[WhiteTeam "Mozambique"]
[BlackTeam "Singapore"]
[WhiteTeamCountry "MOZ"]
[BlackTeamCountry "SIN"]

1. e4 c5 2. Nf3 e6 3. c3 Nf6 4. e5 Nd5 5. d4 Nc6 6. Bc4 Nb6 7. Be2 cxd4 8. cxd4
Be7 9. a3 d6 10. Bb5 Bd7 11. O-O Nxe5 12. Bxd7+ Nexd7 13. Nc3 O-O 14. b4 Rc8
15. Bb2 Nc4 16. Bc1 Nf6 17. Qd3 Nb6 18. Re1 Qd7 19. Ne4 Nbd5 20. Bg5 Nxe4 21.
Bxe7 Nxf2 22. Kxf2 Rc3 23. Qe4 Nxe7 24. Ng5 Ng6 25. h4 d5 26. Qg4 Qc7 27. h5 f5
28. Qd1 Qg3+ 29. Kf1 Nf4 30. Ra2 Qxg5 31. Qd2 Rfc8 32. Qf2 Nd3 33. Qd2 Qxh5 34.
Raa1 Qh1+ 35. Ke2 Qxg2+ 36. Kd1 Nb2+ 0-1

[Event "43. Olimpiada Batumi 2018 Femenina"]
[Site "Batumi GEO"]
[Date "2018.09.25"]
[Round "2.1"]
[White "Samaganova, Alexandra"]
[Black "Atikankhotchasee, Manunthon"]
[Result "1-0"]
[WhiteElo "2024"]
[BlackElo "1667"]
[PlyCount "85"]
[EventDate "2018.09.24"]
[EventType "team-swiss"]
[EventRounds "11"]
[EventCountry "GEO"]
[SourceTitle "Ajedrez en Madrid"]
[Source "lmi"]
[SourceDate "2018.09.24"]
[WhiteTeam "Kyrgyzstan"]
[BlackTeam "Thailand"]
[WhiteTeamCountry "KGZ"]
[BlackTeamCountry "THA"]

1. c4 c5 2. Nf3 Nc6 3. e3 g6 4. Nc3 Bg7 5. d4 d6 6. d5 Nb8 7. Qc2 e6 8. Be2 Ne7
9. O-O O-O 10. dxe6 fxe6 11. Rd1 b6 12. Ng5 Nf5 13. Bf3 Qxg5 14. Bxa8 Nh4 15.
f4 Qg4 16. h3 Qh5 17. Rxd6 e5 18. Qe2 Qxe2 19. Nxe2 Nf5 20. Rd1 exf4 21. Nxf4
Re8 22. a4 Na6 23. a5 Nb4 24. axb6 axb6 25. Bd5+ Nxd5 26. Nxd5 Bb7 27. Nxb6 Nh4
28. Nd5 Bc6 29. Ra7 Nf5 30. g4 Bxd5 31. Rxd5 Ng3 32. Kf2 Ne4+ 33. Kf3 Nf6 34.
Rxc5 Rf8 35. Ke2 Ne4 36. Rcc7 Be5 37. Rc6 Ng3+ 38. Kd3 Rd8+ 39. Kc2 Rf8 40. b4
Ne2 41. Bb2 Bg3 42. Rg7+ Kh8 43. Rgxg6+ 1-0

[Event "43. Olimpiada Batumi 2018 Femenina"]
[Site "Batumi GEO"]
[Date "2018.09.25"]
[Round "2.2"]
[White "Chuemsakul, Sarocha"]
[Black "Omurbekova, Diana"]
[Result "1-0"]
[WhiteElo "1620"]
[BlackElo "1877"]
[PlyCount "133"]
[EventDate "2018.09.24"]
[EventType "team-swiss"]
[EventRounds "11"]
[EventCountry "GEO"]
[SourceTitle "Ajedrez en Madrid"]
[Source "lmi"]
[SourceDate "2018.09.24"]
[WhiteTeam "Thailand"]
[BlackTeam "Kyrgyzstan"]
[WhiteTeamCountry "THA"]
[BlackTeamCountry "KGZ"]

1. d4 Nf6 2. c4 g6 3. Nc3 Bg7 4. e4 d6 5. Nf3 O-O 6. Be2 Nbd7 7. O-O e5 8. d5
Nc5 9. Qc2 a5 10. Be3 Qe7 11. Nd2 Ng4 12. Bxg4 Bxg4 13. a3 Na6 14. Rab1 f5 15.
f3 Bh5 16. b4 axb4 17. axb4 f4 18. Bf2 g5 19. h3 Be8 20. Na4 h5 21. b5 Nb8 22.
c5 Nd7 23. cxd6 cxd6 24. Nb6 Nxb6 25. Bxb6 Bd7 26. Qc7 Rfc8 27. Qxb7 Ra2 28.
Rf2 Qe8 29. Bc7 g4 30. hxg4 hxg4 31. Nc4 Rca8 32. Qb6 Qh5 33. fxg4 Qxg4 34. Nd2
Ra1 35. Rbf1 R8a2 36. Bxd6 Kh7 37. Bb4 Rxf1+ 38. Rxf1 Rb2 39. Qc5 Qe2 40. Qc3
Qe3+ 41. Rf2 Qxc3 42. Bxc3 Rxb5 43. Nf3 Rb3 44. Rc2 Bb5 45. Bxe5 Rxf3 46. Rc7
Rg3 47. Kf2 Bd3 48. d6 Bxe4 49. Rxg7+ Rxg7 50. Bxg7 Bc6 51. Be5 Kg6 52. Bxf4
Kf5 53. Ke3 Bd7 54. g3 Kg4 55. Ke4 Bc8 56. Ke5 Bd7 57. Kf6 Kh5 58. Ke7 Bc8 59.
d7 Bxd7 60. Kxd7 Kg6 61. Ke6 Kg7 62. Ke7 Kg8 63. g4 Kg7 64. g5 Kg8 65. Kf6 Kf8
66. Kg6 Kg8 67. Be5 1-0

[Event "43. Olimpiada Batumi 2018 Femenina"]
[Site "Batumi GEO"]
[Date "2018.09.25"]
[Round "2.3"]
[White "Zairbek kyzy, Begimay"]
[Black "Prommuang, Araya"]
[Result "1-0"]
[WhiteElo "1770"]
[BlackElo "1495"]
[PlyCount "99"]
[EventDate "2018.09.24"]
[EventType "team-swiss"]
[EventRounds "11"]
[EventCountry "GEO"]
[SourceTitle "Ajedrez en Madrid"]
[Source "lmi"]
[SourceDate "2018.09.24"]
[WhiteTeam "Kyrgyzstan"]
[BlackTeam "Thailand"]
[WhiteTeamCountry "KGZ"]
[BlackTeamCountry "THA"]

1. e4 d5 2. exd5 Qxd5 3. Nc3 Qa5 4. d4 Nf6 5. Bc4 Bf5 6. Nf3 Nc6 7. Bd2 Qb6 8.
Na4 Bxc2 9. Qxc2 Nxd4 10. Nxb6 Nxc2+ 11. Ke2 axb6 12. Rac1 e6 13. Rxc2 Be7 14.
Bf4 c6 15. Rd1 b5 16. Bb3 O-O 17. a3 Nd5 18. Bxd5 exd5 19. Be3 Rfe8 20. Kf1 b4
21. axb4 Bxb4 22. Bc5 Re4 23. Nd4 Ra4 24. Ne2 Bxc5 25. Rxc5 Reb4 26. Rdxd5 h6
27. Rd2 g5 28. g3 Kg7 29. Nc1 Rd4 30. Rxd4 Rxd4 31. Ke2 Kg6 32. Nd3 f6 33. b4
h5 34. Ke3 Rd6 35. b5 f5 36. bxc6 bxc6 37. Ne5+ Kf6 38. Nxc6 Re6+ 39. Kd3 h4
40. Nd4 Re5 41. Rxe5 Kxe5 42. Nf3+ Kf6 43. gxh4 gxh4 44. Nxh4 Kg5 45. Ng2 Kh5
46. h3 Kg5 47. f4+ Kh5 48. Kd4 Kh6 49. Ke5 Kg6 50. Nh4+ 1-0

[Event "43. Olimpiada Batumi 2018 Femenina"]
[Site "Batumi GEO"]
[Date "2018.09.25"]
[Round "2.4"]
[White "Singsomroj, Sornsawan"]
[Black "Momunalieva, Shaadat"]
[Result "0-1"]
[WhiteElo "1340"]
[BlackElo "1594"]
[PlyCount "76"]
[EventDate "2018.09.24"]
[EventType "team-swiss"]
[EventRounds "11"]
[EventCountry "GEO"]
[SourceTitle "Ajedrez en Madrid"]
[Source "lmi"]
[SourceDate "2018.09.24"]
[WhiteTeam "Thailand"]
[BlackTeam "Kyrgyzstan"]
[WhiteTeamCountry "THA"]
[BlackTeamCountry "KGZ"]

1. e4 e6 2. d4 d5 3. Nc3 Nf6 4. e5 Nfd7 5. f4 c5 6. Nf3 Nc6 7. Be3 Qb6 8. Na4
Qa5+ 9. c3 cxd4 10. b4 Qc7 11. Nxd4 a6 12. Qg4 b5 13. Nb2 Ncxe5 14. fxe5 Qxc3+
15. Kf2 Qxb2+ 16. Be2 Nxe5 17. Qh5 Nc4 18. Rhb1 Qc3 19. Bxc4 Qxc4 20. a3 Bd6
21. Rc1 Qd3 22. Rc6 Ke7 23. Qg5+ Kd7 24. Qxg7 Re8 25. Qxf7+ Re7 26. Qf6 Qg6 27.
Qxg6 hxg6 28. Bg5 Rf7+ 29. Kg1 Be5 30. Nf3 Bxa1 31. Rc1 Bg7 32. Bh4 Bb7 33. Bg3
Rc8 34. Re1 d4 35. Be5 Bxf3 36. Bxg7 Rxg7 37. gxf3 Rc3 38. Re4 d3 0-1

[Event "43. Olimpiada Batumi 2018 Femenina"]
[Site "Batumi GEO"]
[Date "2018.09.25"]
[Round "2.1"]
[White "Yazji, Mada"]
[Black "Tjaronda, Nicola"]
[Result "1-0"]
[WhiteElo "1726"]
[BlackElo "1503"]
[PlyCount "75"]
[EventDate "2018.09.24"]
[EventType "team-swiss"]
[EventRounds "11"]
[EventCountry "GEO"]
[SourceTitle "Ajedrez en Madrid"]
[Source "lmi"]
[SourceDate "2018.09.24"]
[WhiteTeam "Syria"]
[BlackTeam "Namibia"]
[WhiteTeamCountry "SYR"]
[BlackTeamCountry "NAM"]

1. e4 c5 2. Nf3 Nc6 3. d4 cxd4 4. Nxd4 g6 5. Nc3 Bg7 6. Be3 Nf6 7. Bc4 O-O 8.
f3 d6 9. Qd2 Bd7 10. O-O-O a6 11. g4 b5 12. Bb3 b4 13. Nd5 a5 14. h4 Nxd5 15.
Bxd5 Rc8 16. h5 e6 17. Bxc6 Bxc6 18. hxg6 fxg6 19. Qh2 Kf7 20. Kb1 e5 21. Nxc6
Rxc6 22. Bh6 Rh8 23. Bxg7 Kxg7 24. Qh6+ Kf7 25. f4 Qf8 26. Qh2 exf4 27. Qxf4+
Ke8 28. Qd2 Qg7 29. Qd5 Qc7 30. Rd2 Ke7 31. Rf1 Rf8 32. Qg5+ Ke8 33. Rxf8+ Kxf8
34. Rf2+ Kg8 35. Qf6 Qc8 36. Qf7+ Kh8 37. Qe7 Kg8 38. Rf7 1-0

[Event "43. Olimpiada Batumi 2018 Femenina"]
[Site "Batumi GEO"]
[Date "2018.09.25"]
[Round "2.2"]
[White "Mentile, Lishen"]
[Black "Alkaseer, Roaa"]
[Result "0-1"]
[WhiteElo "1502"]
[BlackElo "1708"]
[PlyCount "58"]
[EventDate "2018.09.24"]
[EventType "team-swiss"]
[EventRounds "11"]
[EventCountry "GEO"]
[SourceTitle "Ajedrez en Madrid"]
[Source "lmi"]
[SourceDate "2018.09.24"]
[WhiteTeam "Namibia"]
[BlackTeam "Syria"]
[WhiteTeamCountry "NAM"]
[BlackTeamCountry "SYR"]

1. e4 c5 2. Nf3 d6 3. d4 cxd4 4. Nxd4 Nf6 5. Nc3 a6 6. Be3 e6 7. h3 Be7 8. Be2
Qc7 9. O-O b5 10. a3 Bb7 11. Bf3 Nbd7 12. Nde2 Ne5 13. Ng3 Nc4 14. Qc1 Rc8 15.
Bd2 O-O 16. Be2 Rfd8 17. Bxc4 Qxc4 18. Re1 d5 19. b3 Qc6 20. Re2 dxe4 21. Ngxe4
Nxe4 22. Nxe4 f5 23. f3 fxe4 24. fxe4 Qxc2 25. Qe1 Qxb3 26. Re3 Bc5 27. Kh1
Bxe3 28. Bxe3 Bxe4 29. Bb6 Qxh3+ 0-1

[Event "43. Olimpiada Batumi 2018 Femenina"]
[Site "Batumi GEO"]
[Date "2018.09.25"]
[Round "2.3"]
[White "Mahmoud, Roula"]
[Black "Nepando, Jolly"]
[Result "1-0"]
[WhiteElo "1795"]
[BlackElo "1479"]
[PlyCount "61"]
[EventDate "2018.09.24"]
[EventType "team-swiss"]
[EventRounds "11"]
[EventCountry "GEO"]
[SourceTitle "Ajedrez en Madrid"]
[Source "lmi"]
[SourceDate "2018.09.24"]
[WhiteTeam "Syria"]
[BlackTeam "Namibia"]
[WhiteTeamCountry "SYR"]
[BlackTeamCountry "NAM"]

1. e4 e5 2. Nf3 Nc6 3. Bc4 Bc5 4. c3 Nf6 5. d3 d6 6. O-O O-O 7. Bg5 Bg4 8. Nbd2
a6 9. Re1 Qe7 10. Nf1 Na5 11. b4 Nxc4 12. bxc5 Na5 13. cxd6 Qxd6 14. h3 Bh5 15.
Ng3 Bg6 16. Qa4 Nc6 17. d4 b5 18. Qd1 exd4 19. e5 Nxe5 20. Nxe5 dxc3 21. Qb3
Nd5 22. Rad1 c6 23. Be7 Qxe7 24. Nxg6 Qb7 25. Nxf8 Rxf8 26. Nf5 b4 27. Rxd5
cxd5 28. Ne7+ Kh8 29. Nxd5 a5 30. Nxc3 Rc8 31. Nd5 1-0

[Event "43. Olimpiada Batumi 2018 Femenina"]
[Site "Batumi GEO"]
[Date "2018.09.25"]
[Round "2.4"]
[White "Shipindo, Rauha"]
[Black "Khalil, Manar"]
[Result "0-1"]
[WhiteElo "1518"]
[BlackElo "1797"]
[PlyCount "125"]
[EventDate "2018.09.24"]
[EventType "team-swiss"]
[EventRounds "11"]
[EventCountry "GEO"]
[SourceTitle "Ajedrez en Madrid"]
[Source "lmi"]
[SourceDate "2018.09.24"]
[WhiteTeam "Namibia"]
[BlackTeam "Syria"]
[WhiteTeamCountry "NAM"]
[BlackTeamCountry "SYR"]

1. e4 c5 2. Nf3 e6 3. g3 Nc6 4. Bg2 d5 5. exd5 exd5 6. d4 Be6 7. O-O Be7 8. Re1
c4 9. b3 cxb3 10. axb3 h6 11. Qd3 Nf6 12. Qb5 Qc8 13. Ne5 O-O 14. Nxc6 bxc6 15.
Qa6 Qd7 16. Ba3 Rfc8 17. Nd2 Rc7 18. Bxe7 Qxe7 19. c4 Rb8 20. Rab1 Qb4 21. Qa2
Qc3 22. Nf3 dxc4 23. Rec1 Qd3 24. bxc4 Rxb1 25. Rxb1 Bxc4 26. Qb2 Bb5 27. Ne5
Qf5 28. Rc1 Qe6 29. Qc3 Nd5 30. Qa5 Re7 31. Nxc6 Bxc6 32. Rxc6 Qxc6 33. Bxd5
Qc7 34. Qa4 Rd7 35. Bc6 Rd8 36. d5 a5 37. Kg2 Qb6 38. Kf3 Qb4 39. Qa2 Rd6 40.
Ke3 Qc3+ 41. Ke4 Rf6 42. f4 g5 43. Qe2 gxf4 44. Qg4+ Kh7 45. gxf4 Qc2+ 46. Ke5
Qb2+ 47. Ke4 Qxh2 48. Bd7 Qc2+ 49. Ke5 Qc3+ 50. Ke4 Qc7 51. Bc6 Rxc6 52. dxc6
Qxc6+ 53. Ke5 Qg6 54. Qd7 h5 55. Qa7 h4 56. Qxa5 h3 57. Qa2 Qe6+ 58. Qxe6 fxe6
59. Kxe6 h2 60. f5 h1=Q 61. f6 Kg8 62. Ke7 Qe4+ 63. Kd8 0-1

[Event "43. Olimpiada Batumi 2018 Femenina"]
[Site "Batumi GEO"]
[Date "2018.09.25"]
[Round "2.1"]
[White "Girmay, Feven Gebremeskel"]
[Black "dos Ramos, Rosangela"]
[Result "0-1"]
[WhiteElo "1483"]
[BlackElo "1788"]
[PlyCount "44"]
[EventDate "2018.09.24"]
[EventType "team-swiss"]
[EventRounds "11"]
[EventCountry "GEO"]
[SourceTitle "Ajedrez en Madrid"]
[Source "lmi"]
[SourceDate "2018.09.24"]
[WhiteTeam "Ethiopia"]
[BlackTeam "Surinam"]
[WhiteTeamCountry "ETH"]
[BlackTeamCountry "SUR"]

1. d4 g6 2. c4 Bg7 3. Nc3 d6 4. Nf3 Nd7 5. e3 e5 6. d5 Ne7 7. e4 O-O 8. Bd3 Nc5
9. Bc2 f5 10. O-O f4 11. b4 Nd7 12. Ng5 Nf6 13. h3 h6 14. Nf3 g5 15. Nh2 Ng6
16. Ng4 Nxg4 17. hxg4 f3 18. g3 Bxg4 19. Qd3 Bh3 20. Re1 Qd7 21. Nd1 Bg2 22.
Ne3 Qh3 0-1

[Event "43. Olimpiada Batumi 2018 Femenina"]
[Site "Batumi GEO"]
[Date "2018.09.25"]
[Round "2.2"]
[White "Tjong Tjin Joe, Kaithlyn"]
[Black "Haile, Lidet Abate"]
[Result "1-0"]
[WhiteElo "1683"]
[BlackElo "1544"]
[PlyCount "67"]
[EventDate "2018.09.24"]
[EventType "team-swiss"]
[EventRounds "11"]
[EventCountry "GEO"]
[SourceTitle "Ajedrez en Madrid"]
[Source "lmi"]
[SourceDate "2018.09.24"]
[WhiteTeam "Surinam"]
[BlackTeam "Ethiopia"]
[WhiteTeamCountry "SUR"]
[BlackTeamCountry "ETH"]

1. e4 e5 2. Nf3 Nc6 3. Bc4 d6 4. d3 Be7 5. c3 Be6 6. Nbd2 Bxc4 7. Nxc4 h6 8.
O-O Nf6 9. Ne3 O-O 10. Nf5 Nh7 11. Be3 Bf6 12. h3 Ne7 13. Ng3 Ng6 14. Nh2 Bg5
15. Nf3 Nf4 16. Ne2 Nxe2+ 17. Qxe2 Bxe3 18. Qxe3 b6 19. Rad1 f5 20. d4 exd4 21.
Rxd4 f4 22. Qd2 Ng5 23. Qd3 Ne6 24. Rd5 Qe7 25. e5 Rad8 26. Re1 dxe5 27. Rexe5
Qf7 28. Rxe6 Rxd5 29. Qxd5 Kh7 30. Qe4+ Kg8 31. a3 Rd8 32. Re7 Qf8 33. Qe6+ Kh7
34. Ne5 1-0

[Event "43. Olimpiada Batumi 2018 Femenina"]
[Site "Batumi GEO"]
[Date "2018.09.25"]
[Round "2.3"]
[White "Eshete, Ruth Leykun"]
[Black "Kaslan, Catherine"]
[Result "0-1"]
[WhiteElo "1508"]
[BlackElo "1735"]
[PlyCount "100"]
[EventDate "2018.09.24"]
[EventType "team-swiss"]
[EventRounds "11"]
[EventCountry "GEO"]
[SourceTitle "Ajedrez en Madrid"]
[Source "lmi"]
[SourceDate "2018.09.24"]
[WhiteTeam "Ethiopia"]
[BlackTeam "Surinam"]
[WhiteTeamCountry "ETH"]
[BlackTeamCountry "SUR"]

1. c4 e5 2. e3 f5 3. Nc3 Nf6 4. Nf3 Nc6 5. d4 e4 6. Nd2 d6 7. f3 exf3 8. Nxf3
g6 9. Bd3 Bg7 10. O-O O-O 11. Qb3 h6 12. Nh4 Kh7 13. a3 Ne4 14. Nf3 Nf6 15. Qc2
Re8 16. h3 Ne7 17. Qf2 Be6 18. d5 Bc8 19. Qh4 Kg8 20. Qf2 Nd7 21. b4 Bxc3 22.
Ra2 Bg7 23. e4 fxe4 24. Bxe4 Rf8 25. Qg3 Ne5 26. Nxe5 Bxe5 27. Bf4 Bxf4 28.
Rxf4 Rxf4 29. Qxf4 Qf8 30. Qg3 Qg7 31. Rf2 Qa1+ 32. Kh2 Qe5 33. Qxe5 dxe5 34.
Rd2 Bf5 35. Bf3 e4 36. Be2 Rd8 37. Rd4 g5 38. g4 Bg6 39. Kg3 Kf7 40. Kf2 Kf6
41. Ke3 Ke5 42. b5 h5 43. Rd1 hxg4 44. hxg4 c6 45. dxc6 Rxd1 46. Bxd1 bxc6 47.
bxc6 Nxc6 48. Ba4 Na5 49. Bb5 Bf7 50. c5 Bd5 0-1

[Event "43. Olimpiada Batumi 2018 Femenina"]
[Site "Batumi GEO"]
[Date "2018.09.25"]
[Round "2.4"]
[White "Kaslan, Alexandra"]
[Black "Bantiwalu, Aster Melake"]
[Result "1-0"]
[WhiteElo "1414"]
[BlackElo "1365"]
[PlyCount "51"]
[EventDate "2018.09.24"]
[EventType "team-swiss"]
[EventRounds "11"]
[EventCountry "GEO"]
[SourceTitle "Ajedrez en Madrid"]
[Source "lmi"]
[SourceDate "2018.09.24"]
[WhiteTeam "Surinam"]
[BlackTeam "Ethiopia"]
[WhiteTeamCountry "SUR"]
[BlackTeamCountry "ETH"]

1. d4 d5 2. Nf3 Nf6 3. Bf4 Bf5 4. Nbd2 Nc6 5. c3 e6 6. e3 a6 7. Ne5 Nxe5 8.
dxe5 Nd7 9. Nf3 Be7 10. Nd4 Bg6 11. Be2 Bh4 12. Nf3 Be7 13. Nd4 c5 14. Nf3 Qc7
15. c4 Qa5+ 16. Qd2 Qb6 17. O-O Be4 18. cxd5 exd5 19. Qc3 O-O 20. Nd2 Bf5 21.
Bf3 Qe6 22. e4 dxe4 23. Nxe4 Qg6 24. Ng3 Ra7 25. Rfe1 Be6 26. Bh5 1-0

[Event "43. Olimpiada Batumi 2018 Femenina"]
[Site "Batumi GEO"]
[Date "2018.09.25"]
[Round "2.1"]
[White "Rawan, Eyhab"]
[Black "Nouman, Amna"]
[Result "0-1"]
[WhiteElo "1568"]
[BlackElo "1909"]
[PlyCount "76"]
[EventDate "2018.09.24"]
[EventType "team-swiss"]
[EventRounds "11"]
[EventCountry "GEO"]
[SourceTitle "Ajedrez en Madrid"]
[Source "lmi"]
[SourceDate "2018.09.24"]
[WhiteTeam "Sudan"]
[BlackTeam "United Arab Emirates"]
[WhiteTeamCountry "SUD"]
[BlackTeamCountry "UAE"]

1. d4 Nf6 2. Bf4 e6 3. Nf3 b6 4. e3 Bb7 5. Nbd2 Be7 6. h3 d6 7. Be2 O-O 8. O-O
Re8 9. a4 a6 10. c4 c5 11. Nb3 Nc6 12. d5 exd5 13. cxd5 Nb4 14. Nbd2 Nfxd5 15.
Bg3 Nf6 16. Qb3 Bd5 17. Bc4 Bxc4 18. Nxc4 d5 19. Nce5 Ne4 20. Bf4 f6 21. Ng4 h5
22. Ngh2 g5 23. Bg3 h4 24. Bxh4 gxh4 25. Ng4 f5 26. Nh6+ Kh7 27. Nxf5 Rf8 28.
Nxe7 Qxe7 29. Rad1 Rad8 30. Nd2 Rg8 31. Nxe4 Qxe4 32. f3 Qe6 33. Kh1 Rg3 34.
Qc3 Rxh3+ 35. gxh3 Qxh3+ 36. Kg1 Rg8+ 37. Kf2 Rg2+ 38. Ke1 Qg3+ 0-1

[Event "43. Olimpiada Batumi 2018 Femenina"]
[Site "Batumi GEO"]
[Date "2018.09.25"]
[Round "2.2"]
[White "Al Maamari, Wafia Darwish"]
[Black "Rawan, Jamal"]
[Result "1-0"]
[WhiteElo "1774"]
[BlackElo "1471"]
[PlyCount "33"]
[EventDate "2018.09.24"]
[EventType "team-swiss"]
[EventRounds "11"]
[EventCountry "GEO"]
[SourceTitle "Ajedrez en Madrid"]
[Source "lmi"]
[SourceDate "2018.09.24"]
[WhiteTeam "United Arab Emirates"]
[BlackTeam "Sudan"]
[WhiteTeamCountry "UAE"]
[BlackTeamCountry "SUD"]

1. e4 c5 2. Nf3 e6 3. d4 cxd4 4. Nxd4 a6 5. c4 Nf6 6. Nc3 Bb4 7. Qd3 Qc7 8. a3
Bc5 9. Be2 O-O 10. O-O Nc6 11. Nxc6 dxc6 12. Rd1 Rd8 13. Qxd8+ Qxd8 14. Rxd8+
Bf8 15. Bf4 g6 16. Bh6 Nd7 17. Rd1 1-0

[Event "43. Olimpiada Batumi 2018 Femenina"]
[Site "Batumi GEO"]
[Date "2018.09.25"]
[Round "2.3"]
[White "Mohamed Ahmed, Naiwa"]
[Black "Almaini, Aishah Sarhan"]
[Result "1/2-1/2"]
[WhiteElo "1407"]
[BlackElo "1490"]
[PlyCount "72"]
[EventDate "2018.09.24"]
[EventType "team-swiss"]
[EventRounds "11"]
[EventCountry "GEO"]
[SourceTitle "Ajedrez en Madrid"]
[Source "lmi"]
[SourceDate "2018.09.24"]
[WhiteTeam "Sudan"]
[BlackTeam "United Arab Emirates"]
[WhiteTeamCountry "SUD"]
[BlackTeamCountry "UAE"]

1. e4 d5 2. exd5 Qxd5 3. Nf3 c6 4. d4 Nf6 5. c4 Qd8 6. Nc3 Bf5 7. Be2 e6 8. Be3
Be7 9. O-O O-O 10. Qb3 Qc7 11. Rac1 Qd7 12. Rfd1 a5 13. d5 cxd5 14. cxd5 a4 15.
Qb5 Qxb5 16. Bxb5 Nxd5 17. Nxd5 exd5 18. Rc7 Bf6 19. Nd4 Bc8 20. Rdc1 Na6 21.
R7c3 Nb4 22. Ra3 Be6 23. Rxa4 Rxa4 24. Bxa4 Bxd4 25. Bxd4 Nxa2 26. Rc7 Rc8 27.
Rxc8+ Bxc8 28. Bb3 Nb4 29. Bc3 Nc6 30. Bxd5 Be6 31. Bxc6 bxc6 32. f4 f6 33. Kf2
Kf7 34. Ke3 g6 35. Ke4 Bd5+ 36. Ke3 Bxg2 1/2-1/2

[Event "43. Olimpiada Batumi 2018 Femenina"]
[Site "Batumi GEO"]
[Date "2018.09.25"]
[Round "2.4"]
[White "Rouda Essa, Alserkal"]
[Black "Marwa, Jadalla"]
[Result "1-0"]
[WhiteElo "1494"]
[BlackElo "1322"]
[PlyCount "83"]
[EventDate "2018.09.24"]
[EventType "team-swiss"]
[EventRounds "11"]
[EventCountry "GEO"]
[SourceTitle "Ajedrez en Madrid"]
[Source "lmi"]
[SourceDate "2018.09.24"]
[WhiteTeam "United Arab Emirates"]
[BlackTeam "Sudan"]
[WhiteTeamCountry "UAE"]
[BlackTeamCountry "SUD"]

1. e4 d6 2. d4 Nf6 3. Nc3 e5 4. dxe5 dxe5 5. Qxd8+ Kxd8 6. Nf3 Bd6 7. Bd2 Ke7
8. O-O-O h6 9. Bd3 Nc6 10. Nb5 Ng4 11. Nxd6 cxd6 12. Rhf1 Be6 13. h3 Nf6 14.
Rfe1 Bxa2 15. b3 a5 16. Kb2 Bxb3 17. cxb3 Rhb8 18. Bb5 Nd7 19. Ra1 Nc5 20. Re3
Rc8 21. Bxc6 bxc6 22. Rxa5 Nd7 23. Re1 Nc5 24. Nxe5 Rxa5 25. Bxa5 dxe5 26. Bb4
Rd8 27. Bxc5+ Ke6 28. Kc3 h5 29. Ra1 g6 30. Ra6 Rc8 31. Kc4 f6 32. Ba3 f5 33.
f3 g5 34. Kc5 h4 35. Rxc6+ Rxc6+ 36. Kxc6 g4 37. exf5+ Kxf5 38. hxg4+ Kf4 39.
Bd6 Kg3 40. Bxe5+ Kxg2 41. g5 h3 42. g6 1-0